000
00248nam a2200097Ia 4500
001
1120763
005
20250827004631.0
008
250824s9999 xx 000 0 und d
245
0
_a
KENDİNİ ARAMAK
_c
İHSAN FAZLIOĞLU
260
_b
KETEBE YAYINLARI
999
_c
1120763
_d
1120763